|
|
|
|
| LEADER |
00000nab a2200000 ar4500 |
| 001 |
vtls008950953 |
| 003 |
SK-MaSNL |
| 005 |
20260318122317.0 |
| 008 |
070119c20061221xo |||||||| 000 b|hun |
| 015 |
|
|
|a SNBRB2007/01
|2 snkbucl
|
| 038 |
|
|
|a SNKBUCL
|
| 040 |
|
|
|a DSZK
|b slo
|c DSZK
|e AACR2
|
| 041 |
0 |
|
|a hun
|
| 044 |
|
|
|a xo
|c SK
|
| 080 |
|
|
|a 797.178.071
|2 1997
|
| 100 |
1 |
|
|a Bőd, Titanilla,
|d 1983-
|4 aut
|9 118485
|
| 245 |
1 |
0 |
|a Lakókocsiban alszik a szlovák világbajnok
|b a vitorlázás életforma: sokszor évtizedeket kell várni a sikerre ...
|c Bőd Titanilla
|
| 300 |
|
|
|b Fotogr.
|
| 600 |
1 |
7 |
|a Pollák, Patrik,
|d 1972-
|2 snkbucl
|9 13109
|
| 600 |
1 |
7 |
|a Mosný, Peter,
|d 1949-
|2 snkbucl
|9 26691
|
| 650 |
0 |
7 |
|a windsurfing
|2 snkbucl
|9 25829
|
| 773 |
0 |
|
|t Új szó
|g Évf. 59, sz. 293 (21.12.2006), o. 22
|
| 852 |
|
|
|a SNK
|b KIS3GCP
|
| 852 |
|
|
|a DSZK
|b KIS3GCP
|
| 958 |
|
|
|a HU
|
| 958 |
|
|
|a SK
|
| 999 |
|
|
|c 3203032
|d 3204962
|